Central Library OPAC University of Rajshahi

Utilitarianism, On liberty and Essay on Bentham / (Record no. 78438)

MARC details
000 -LEADER
fixed length control field 01085nam a2200325 a 4500
001 - CONTROL NUMBER
control field 78438
003 - CONTROL NUMBER IDENTIFIER
rucl marc code BD-RjUL
005 - DATE AND TIME OF LATEST TRANSACTION
control field 20211209083129.0
008 - FIXED-LENGTH DATA ELEMENTS--GENERAL INFORMATION
fixed length control field 210922s1962 enk b 001 0 eng d
035 ## - SYSTEM CONTROL NUMBER
System control number (BD-RjUL)78664
040 ## - CATALOGING SOURCE
Original cataloging agency BD-RjUL
Language of cataloging eng
Transcribing agency BD-RjUL
041 ## - LANGUAGE CODE
Language code of text/sound track or separate title eng
082 ## - DEWEY DECIMAL CLASSIFICATION NUMBER
Edition number 23
Classification number 320.01
Author mark and year MIU 1962
100 1# - MAIN ENTRY--PERSONAL NAME
Personal name Mill, John Stuart,
Dates associated with a name 1806-1873.
9 (RLIN) 248288
245 10 - TITLE STATEMENT
Title Utilitarianism, On liberty and Essay on Bentham /
Statement of responsibility, etc. John Stuart Mill; together with selected writings of Jeremy Bentham and John Austin; edited with an introduction by Mary Warnock.
260 ## - PUBLICATION, DISTRIBUTION, ETC. (IMPRINT)
Place of publication, distribution, etc. London :
Name of publisher, distributor, etc. Collins,
Date of publication, distribution, etc. 1962.
300 ## - PHYSICAL DESCRIPTION
Pagination 352 p. ;
Size 18 cm.
500 ## - GENERAL NOTE
General note Includes index.
504 ## - BIBLIOGRAPHY, ETC. NOTE
Bibliography, etc Bibliography: p. 343-344.
650 #0 - SUBJECT ADDED ENTRY--TOPICAL TERM
Topical term or geographic name as entry element Philosophy
9 (RLIN) 248299
Topical term or geographic name as entry element Liberty
9 (RLIN) 248300
Topical term or geographic name as entry element Human evolution.
9 (RLIN) 248289
Topical term or geographic name as entry element Utilitarianism.
9 (RLIN) 248290
700 12 - ADDED ENTRY--PERSONAL NAME
Personal name Bentham, Jeremy,
Dates associated with a name 1748-1832.
Personal name Austin, John,
Dates associated with a name 1790-1859.
Personal name Warnock, Mary.
830 #0 - SERIES ADDED ENTRY--UNIFORM TITLE
Uniform title Fontana library.
942 ## - ADDED ENTRY ELEMENTS (KOHA)
Source of classification or shelving scheme Dewey Decimal Classification
Koha item type Books
Holdings
Lost status Source of classification or shelving scheme Damaged status Not for loan Collection code Permanent Location Current Location Shelving location Date acquired Source of acquisition Cost, normal purchase price Total Checkouts Full call number Date last seen Copy number Koha item type
  Dewey Decimal Classification   Not For Loan Non-fiction Central Library, University of Rajshahi Central Library, University of Rajshahi Reading Room 23/11/1976 Md. Mohazem Hossain 30.00   320.01 MIU 1962 22/09/2021 C-1 Books